Raising/ (Record no. 216443)

MARC details
000 -LEADER
fixed length control field 00633nam a22002057a 4500
005 - DATE AND TIME OF LATEST TRANSACTION
control field 20260602105429.0
010 ## - LCCN (DPL NO)
LC control number ENG-148690
020 ## - INTERNATIONAL STANDARD BOOK NUMBER
International Standard Book Number 9789395481472
Terms of availability 300.00
035 ## - SYSTEM CONTROL NUMBER
System control number EN-132222
037 ## - SOURCE OF ACQUISITION
Source of stock number/acquisition DBAD
082 ## - DEWEY DECIMAL CLASSIFICATION NUMBER
Classification number S
Edition number 1
100 ## - MAIN ENTRY--PERSONAL NAME
Personal name Pathak, Preeti
245 ## - TITLE STATEMENT
Title Raising/
Statement of responsibility, etc Preeti Pathak
250 ## - EDITION STATEMENT
Edition statement 1
260 ## - PUBLICATION, DISTRIBUTION, ETC. (IMPRINT)
Name of publisher, distributor, etc Vishwakarma Publications
Date of publication, distribution, etc 2023
Place of publication, distribution, etc Maharashtra
270 ## - ADDRESS
Address 34A/1, Suyog Center, 7th floor, Gultekedi Marketyard Road, Giridhar Bhavan Chowk,
Postal code 411037
City Pune
Electronic mail address info@vpindia.co.in
300 ## - PHYSICAL DESCRIPTION
Extent 206p.
Dimensions 22cm (pb)
500 ## - GENERAL NOTE
General note Inspiring Stories of Growth & Resilience
942 ## - ADDED ENTRY ELEMENTS (KOHA)
Source of classification or shelving scheme Dewey Decimal Classification
Item type English Books
Classification part S
Call number suffix PAT
Holdings
Withdrawn status Lost status Not for loan Collection code Home library Current library Date acquired Source of acquisition Cost, normal purchase price Full call number Barcode Copy number Cost, replacement price Koha item type
    Not For Loan Fiction D.B.Act.Division D.B.Act.Division 02/06/2026 Delivery of Books Act Division 300.00 S PAT EN-132222 1 300.00 English Books

© Delhi Public Library
Hit Counter
free hit counter